01020 a2200205 4500999001500000010001400015020002300029035001300052037001500065082001200080245021800092260003900310300003200349500021600381700002200597700001800619700003100637942003200668952011400700 c7650d7650 aENG-88117 a818424150Xc850.00 aEN-71650 bDBAD / PUB14a671.25510aProceedings of the National Conference on Investment Casting (NCIC-2006), 28-29 December, 2006 :bcurrent research trends in investment casting /cedited by Biswanath Mondal, Jhankar Basu [and] Gopal Prasad Sinha aNew DelhibAllied Publishersc2007 axv, 316 p. billc25 cm(Hb) a"Organized by Central Mechanical Engineering Research Institute, Durgapur. Indian Ceramic Society, Hyderabad Chapter. Investment Casting Society, India. University College of Engineering, Osmania University".1 aMondal, Biswanath1 aBasu, Jhankar1 aSinha, Gopal Prasadd1946- adplcEN2ddch671.255 mPRO 001040718NFICaDBADbDBADeDBAD/PUBg850.00l0o671.255 PROpEN-71650r2008-09-15 00:00:00t1v850.00yEN